<?xml version="1.0" encoding="UTF-8"?><?xml-stylesheet type="text/xsl" href="static/style.xsl"?><OAI-PMH xmlns="http://www.openarchives.org/OAI/2.0/" xmlns:xsi="http://www.w3.org/2001/XMLSchema-instance" xsi:schemaLocation="http://www.openarchives.org/OAI/2.0/ http://www.openarchives.org/OAI/2.0/OAI-PMH.xsd"><responseDate>2026-04-17T04:23:54Z</responseDate><request verb="GetRecord" identifier="oai:www.recercat.cat:2072/450575" metadataPrefix="marc">https://recercat.cat/oai/request</request><GetRecord><record><header><identifier>oai:recercat.cat:2072/450575</identifier><datestamp>2024-12-21T03:03:16Z</datestamp><setSpec>com_2072_220028</setSpec><setSpec>com_2072_4427</setSpec><setSpec>col_2072_220407</setSpec></header><metadata><record xmlns="http://www.loc.gov/MARC21/slim" xmlns:dcterms="http://purl.org/dc/terms/" xmlns:xsi="http://www.w3.org/2001/XMLSchema-instance" xmlns:doc="http://www.lyncode.com/xoai" xsi:schemaLocation="http://www.loc.gov/MARC21/slim http://www.loc.gov/standards/marcxml/schema/MARC21slim.xsd">
   <leader>00925njm 22002777a 4500</leader>
   <datafield ind2=" " ind1=" " tag="042">
      <subfield code="a">dc</subfield>
   </datafield>
   <datafield ind2=" " ind1=" " tag="720">
      <subfield code="a">Ruiz Rodríguez, Julio César</subfield>
      <subfield code="e">author</subfield>
   </datafield>
   <datafield ind2=" " ind1=" " tag="260">
      <subfield code="c">2021</subfield>
   </datafield>
   <datafield ind2=" " ind1=" " tag="520">
      <subfield code="a">This article details an iconographic and stylistic analysis of a female statue from Tarragona (Spain), former Tarraco, capital of Hispania citerior. The statue is sculpted in stone extracted from quarries around the city, which fact allows us to resume the study of local workshops. Its dating to the second half of the 1st century BC links it to a particular group of portraits, of which many pieces are preserved in Tarragona. This set affirms the existence of local workshops, working according to the models of the metropolis, which introduced distinctly Roman iconography into the city. At the same time, Tarraco’s achievement of the rank of a Roman colonia, around 45 BC, permits an association with these sculptures to the likely establishment of colonists in the city. The exact provenance of this statue is unknown, although, like other similar sculptures, it must have adorned the grave of a prominent woman of the local elite.</subfield>
   </datafield>
   <datafield ind1="8" ind2=" " tag="024">
      <subfield code="a">978-3-89646-862-8</subfield>
   </datafield>
   <datafield ind1="8" ind2=" " tag="024">
      <subfield code="a">http://hdl.handle.net/2072/450575</subfield>
   </datafield>
   <datafield ind2="0" ind1="0" tag="245">
      <subfield code="a">Nueva estatua icónica femenina en piedra local de Tarraco</subfield>
   </datafield>
</record></metadata></record></GetRecord></OAI-PMH>